00978 a2200193 45000010006000000050017000060080041000230030015000640400040000790800073001192450038001920200022002302500013002522640038002653000019003035050438003220410008007601000016007682939320260407155603.0260407a2000 arg spa dAR-UNSa-BCEJYS aAR-UNSa-BCEJYSbspacAR-UNSa-BCEJYS a657.3xPresupuestos. Cierre de Cuentas. Balances (Estados Contables)10aAnálisis económico-financiero a978-84-8088-538-6 a17a. ed. 1aBarcelona :bGestión 2000c2000 a170 p.c23 cm. a1. Introducción al análisis económico-Financiero - 2. Estados financieros - 3. Análisis del balance de situación (I): Introducción - 4. Análisis del balance de situación (II): Los ratios - 5. Análisis de la cuenta de pérdidas y ganancias - 6. Rentabilidad, autofinanciación y crecimiento - 7. Análisis del fondo de maniobra - 8. Análisis con datos sectoriales - 9. Análisis integral de estados financieros aspa1 aAmat, Oriol